Change Your Ticket - One Direction (All Lyrics) - Statistics

General Stats
  • This quiz has been taken 43 times
  • The average score is 314 of 379
Answer Stats
Answer % Correct
me
100%
you
100%
your
100%
change
96%
ticket
96%
a
91%
days
91%
get
91%
go
91%
I
91%
it
91%
it's
91%
let
91%
my
91%
on
91%
that
91%
that?
91%
to
91%
what
91%
be
87%
come
87%
couple
87%
do
87%
don't
87%
dressed
87%
head
87%
messes
87%
more
87%
off
87%
should
87%
shoulder
87%
stay
87%
the
87%
Watching
87%
we
87%
all
83%
alone
83%
bag
83%
good
83%
hard
83%
home
83%
hotel
83%
in
83%
not
83%
probably
83%
take
83%
time
83%
when
83%
with
83%
you're
83%
and
78%
back
78%
got
78%
keep
78%
leave
78%
left
78%
over
78%
same
78%
say
78%
so
78%
still
78%
this
78%
yeah
78%
girl
74%
have
74%
secret
74%
bed
70%
gone
70%
play
70%
were
70%
why
70%
younger
70%
did
65%
here
65%
know
65%
never
65%
one
65%
playin'
65%
promise
65%
streets
65%
tell
65%
way
65%
you'd
65%
aren't
61%
from
61%
innocent
61%
oh
61%
past
61%
said
61%
shades
61%
week
61%
can
57%
I'll
57%
meant
57%
these
57%
us
57%
we've
57%
hide
52%
just
35%
little
35%
make
35%
right
35%
goodbye
30%
wanna
30%
sometimes
0%
text
0%
No matching quizzes found
Score Distribution
Percent of People with Each Score
Percentile by Number Answered
Your Score History
You have not taken this quiz